Songs with Places in the Title #2 - Statistics

General Stats
  • This quiz has been taken 20,426 times
  • The average score is 11 of 22
Answer Stats
Artist Song % Correct
Eagles Hotel {California}
97%
Lynyrd Skynyrd Sweet Home {Alabama}
97%
The Beach Boys Surfin' {USA}
77%
Traditional {America} the Beautiful
76%
Charlie Daniels Band Devil Went Down To {Georgia}
74%
Evita Musical Don't Cry for Me {Argentina}
72%
NWA Straight Outta {Compton}
70%
Traditional O Little Town of {Bethlehem}
62%
Warren Zevon Werewolves of {London}
61%
The Doors {L}.{A}. Woman
57%
Shakira Waka Waka (This Time for {Africa})
52%
John Denver {Rocky} {Mountain} High
48%
Patsy Cline South of the Border (Down {Mexico} Way)
47%
Scott McKenzie {San} {Francisco} (Be Sure To Wear Some Flowers In Your Hair)
43%
Katy Perry Waking up in {Vegas}
34%
Jan and Dean The Little Old Lady from {Pasadena}
27%
R.E.M. Radio Free {Europe}
24%
Nat King Cole I Love {Paris}
23%
James Taylor {Carolina} in My Mind
20%
Swedish House Mafia Miami 2 {Ibiza}
17%
Van Morrison {Tupelo} Honey
13%
Neil Diamond {Kentucky} Woman
11%
No matching quizzes found
Score Distribution
Percent of People with Each Score
Percentile by Number Answered
Your Score History
You have not taken this quiz